[Event "Rakovnik Regional-chT 1415"]
[Site "Rakovnik"]
[Date "2015.01.18"]
[Round "6.7"]
[White "Innemann, Frantisek"]
[Black "Ctrnact, Jiri"]
[Result "1/2-1/2"]
[WhiteElo "1884"]
[BlackElo "1800"]
[PlyCount "106"]
[EventDate "2014.10.19"]
[EventType "team-tourn"]
[EventRounds "11"]
[EventCountry "CZE"]
[SourceTitle "EXT 2016"]
[Source "ChessBase"]
[SourceDate "2015.10.08"]
[SourceVersion "1"]
[SourceVersionDate "2015.10.08"]
[SourceQuality "1"]
[WhiteTeam "Vlasim II"]
[BlackTeam "Dobrovice"]
[WhiteTeamCountry "CZE"]
[BlackTeamCountry "CZE"]

1. e4 e6 2. f4 d5 3. e5 c5 4. Nf3 Nc6 5. c3 Nge7 6. d4 c4 7. Be3 b5 8. Be2 Bd7 9. 0-0 h5 10. Ng5 g6 11. Nd2 Nf5 12. Bf2 b4 13. Ndf3 bxc3 14. bxc3 Qa5 15. Qc2 Ba3 16. Nh4 Nce7 17. Nxf5 Nxf5 18. Rab1 Bb5 19. g4 hxg4 20. Bxg4 a6 21. Bxf5 gxf5 22. Bg3 Qc7 23. Rf2 0-0-0 24. Rg2 Rdg8 25. Nf3 Qa5 26. Be1 Be7 27. Kh1 Kd7 28. Rxg8 Rxg8 29. Qf2 Rg4 30. Qd2 Qd8 31. Bf2 Qg8 32. Rg1 Rxg1+ 33. Nxg1 Ba3 34. h3 Ba4 35. Qe2 Qh7 36. Qe1 Bc2 37. Kh2 Qh5 38. Bg3 Qd1 39. Qf2 Be4 40. Bh4 Qc2 41. Qxc2 Bxc2 42. Nf3 Bb1 43. Ng5 Ke8 44. Nh7 Bxa2 45. Nf6+ Kf8 46. Nd7+ Kg7 47. Bd8 Bb3 48. Nb8 Bc1 49. Kg3 Bd2 50. Ba5 Bd1 51. Nxa6 Kh6 52. Nc7 Be1+ 53. Kg2 Bd2 1/2-1/2